00418nam a22001217a 4500020001600000082000800016100001600024245014100040260003700181300001000218650004500228700002300273 qHard Cover. a616 aJamil, Anum aTherapeutic effects of ibuprofen on neurodegeneraton and inflammation in AICI3-induced mouse model of Alzheimer's disease /cAnum Jamil. aIslamabad :bASAB - NUST,c2013. c30cm. aVirology and immunology M. Phil. Thesis  aDr. Touqeer Ahmed.